000 00813nam a2200229 a 4500
999 _c7205
_d7205
001 7205
003 BD-JhCC
005 20180206122622.0
008 180206s1992 bg |||| || | 000 0 ben d
035 _a(BD-JhCC)7205
040 _aBD-JhCC
_dBD-JhCC
041 _aben
082 _a891.4409
_bAKU 1992
245 _aএকুশের স্মারকগ্রন্থ ‘৯২ /
_cশামসুজ্জামান খান, সুব্রত বড়ুয়া এবং সেলিনা হোসেন
260 _aঢাকা :
_bবাংলা একাডেমী,
_c1992
300 _a244 p. :
_c22 cm.
650 _aBengali Literature
700 _aবড়ুয়া, সুব্রত
700 _aহোসেন, সেলিনা
942 _2ddc
_cBK